000 00456pab a2200169 454500
008 180718b2014 xxu||||| |||| 00| 0 eng d
100 _aEskerod, Pemille
245 _aStakeholder management strategies and practices during a project course
260 _c2014
300 _ap.71-85.
362 _aOct-Nov
650 _aProject management
700 _aVaagaasar, Anne Live
773 _aProject Management Journal
908 _aN
909 _a106319
999 _c106314
_d106314